Представление документа в формате MARC21

Поле Инд. ПП Название Значение
Тип записи a
Библиографический уровень m
001 Контрольный номер RU/IS/BASE/313681185
005 Дата корректировки 20140703182727.8
020 a ISBN 978-5-392-00193-4
040 a Служба первич. каталог. НБ ТвГУ
b Код языка каталог. rus
e Правила каталог. PSBO
041 0_ a Код языка текста rus
080 a Индекс УДК 343.95(075.8)
084 a Индекс другой классификации/Индекс ББК Ю947я73-1
090 a Полочн. индекс Ю947
x Авторский знак Ч-95
100 1_ a Автор Чуфаровский Юрий Валентинович
q Полное имя Чуфаровский Ю. В.
245 10 a Заглавие Юридическая психология
b Продолж. заглавия учебник
250 a Основные сведения об издании 3-е изд., перераб. и доп.
260 a Место издания Москва
b Издательство Проспект
c Дата издания 2008
300 a Объем 469, [1] с.
504 a Библиография Библиогр.: с. 462-466 и в подстроч. примеч.
520 a Аннотация Учебник подготовлен в соответствии с программой курса «Юридическая психология» для высших учебных заведений. В нем рассмотрены предмет, методы и структура юридической психологии, проблемы правовой психологии, взаимосвязь с общественными, естественными и юридическими науками, раскрыто практическое применение психологических знаний в повседневной деятельности юристов. Для студентов, аспирантов, преподавателей высших учебных заведений юридических факультетов, работников правоохранительных органов.
650 a Основная рубрика Судебная психология
650 14 a Основная рубрика Юридическая психология
x Основная подрубрика Учебники для вузов
653 a Ключевые слова Правовая психология
a Ключевые слова Предварительное следствие
a Ключевые слова Психология допроса
a Ключевые слова Судебная психология
a Ключевые слова Судебно-психологическая экспертиза
920 a Оператор Густ
930 a Новая/Ретро учебники
952 c Вид литературы К ру
954 a Дата поступления на обработку 20091224